000 01122nam a22003012a 4500
001 35610
003 BD-RjUL
005 20211209052342.0
008 140528r19651949nyu 001 0 eng d
035 _a(BD-RjUL)35705
_aOCLC ocm01004135 from D960530M
040 _aBUF
_cBUF
_dBD-RjUL
_beng
041 _aeng
082 _a306.2
_bMIF 1965
090 _aHM33
_b.M5 1965
100 1 _aMichels, Robert,
_d1876-1936.
_9108430
245 1 0 _aFirst lectures in political sociology /
_ctranslated, with an introd. by Alfred de Grazia.
260 _aNew York :
_bHarper,
_cc1949 [Published 1965].
300 _a173 p. ;
_c23 cm.
490 1 _aHarper torchbooks. Academy library ;
_vno. TB 1224G
500 _aContains, with other papers, lectures delivered at the University of Rome and published in 1927 under title: Corso di sociologia politica
504 _aBibliographical references included in "Notes."
504 _aIncludes index.
650 0 _aPolitical Sociology.
_9108431
830 0 _vno. TB 1224G
_9108435
700 1 _aDe Grazia, Alfred.
_9108433
830 0 _aHarper torchbooks.
_9108436
942 _2ddc
_cBK
999 _c35610
_d35610